000 00560nam a2200193Ia 4500
003 OSt
005 20240323123556.0
008 210210b xxu||||| |||| 00| 0 eng d
040 _cAL
041 _akan
082 _a854/263
100 _aRAMU (D N) ರಾಮು ಡಿ ಎನ್
_9146741
245 _aKannada sahitya mattu rajashraya:
_bಕನ್ನಡ ಸಾಹಿತ್ಯ ಮತ್ತು ರಾಜಾಶ್ರಯ
260 _aBengaluru
_b-
650 _asahitya
_9146742
690 _aKannada Criticism
_9146743
906 _a020112
942 _2ddc
_cBK
999 _c144263
_d144263